| 000 | 00334nam a22001457a 4500 | ||
|---|---|---|---|
| 003 | SGT | ||
| 020 | _a9788119121540 | ||
| 082 |
_a341 _bVER |
||
| 100 | _aVERMA S K | ||
| 245 | _aAN INTRODUCTION TO PUBLIC INTERNATIONAL LAW | ||
| 250 | _a4 | ||
| 260 |
_aNEW DELHI _bSATYAM LAW INTERNATIONAL _c2025 |
||
| 300 | _a684 | ||
| 942 |
_2ddc _cBK |
||
| 999 |
_c34430 _d34430 |
||